Loading...
| Science - Chemistry | 0 | 9 | 1 | 1 | 85 | 20 | 52.33 | 3 | 9 | 0.00 | 0.00 |
| Science - Biology | 0 | 8 | 0 | 0 | 80 | 16 | 42.00 | 5 | 7 | 0.00 | 0.00 |
| Literature - American | 0 | 7 | 0 | 0 | 70 | 16 | 55.14 | 2 | 6 | 0.00 | 0.00 |
| History - American | 0 | 6 | 1 | 0 | 55 | 40 | 64.33 | 1 | 4 | 0.00 | 0.00 |
| Religion | 0 | 4 | 0 | 0 | 40 | 13 | 56.75 | 2 | 3 | 0.00 | 0.00 |
| Literature - World | 0 | 4 | 0 | 1 | 40 | 22 | 67.00 | 3 | 3 | 0.00 | 0.00 |
| History - World | 0 | 3 | 1 | 0 | 25 | 30 | 59.67 | 0 | 2 | 0.00 | 0.00 |
| History - European | 0 | 2 | 0 | 1 | 20 | 33 | 50.50 | 0 | 1 | 0.00 | 0.00 |
| Social Science | 0 | 1 | 0 | 0 | 10 | 60 | 60.00 | 0 | 1 | 0.00 | 0.00 |
| History - Other | 0 | 1 | 0 | 0 | 10 | 85 | 85.00 | 0 | 1 | 0.00 | 0.00 |
| Literature - British | 0 | 1 | 0 | 0 | 10 | 57 | 57.00 | 0 | 0 | 0.00 | 0.00 |
| Literature - European | 0 | 1 | 0 | 0 | 10 | 53 | 53.00 | 0 | 1 | 0.00 | 0.00 |
| Fine Arts - Other | 0 | 1 | 0 | 0 | 10 | 66 | 66.00 | 0 | 1 | 0.00 | 0.00 |
| Geography | 0 | 0 | 1 | 0 | -5 | 0.00 | 0 | 0 | 0.00 | 0.00 | |
| Mythology | 0 | 0 | 1 | 0 | -5 | 0.00 | 0 | 0 | 0.00 | 0.00 |